000 00484nam a2200169Ia 4500
999 _c12306
_d12306
003 OSt
005 20201015093650.0
008 190216s9999||||xx |||||||||||||| ||und||
040 _coclc
082 _a823.914
_bMAR/P
100 _aMarkandaya, Kamala
_95172
245 0 _aPossession /
_cKamala Markandaya
260 _bJaico Publishing House,
_c1967.
_aBombay:
300 _a233p
650 _aEnglish Novel
942 _cBK
_2ddc
_h823.914
_iMAR/P
_k823.914
_mMAR/P